000 00472nam a2200157Ia 4500
008 210210b1972 xxu||||| |||| 00| 0 eng d
020 _a0 333 01127 9
082 _a820.9 DYSW
100 _aDYSON (A E), Ed.
245 _aWordsworth Lyrical Ballads:a casebook ed by William Tydeman.
260 _aLondon
_bMacmillan Press Ltd
_c1972
300 _a253
650 _aWordsworth Lyrical Ballads critical Essays Case Book
690 _aEnglish Criticism
906 _a056053
999 _c103596
_d103596